Ο πυρπολητής Κωνσταντίνος Κανάρης : βιογραφία
Saved in:
| Main Author: | |
|---|---|
| Format: | Book |
| Language: | Greek |
| Published: |
Αθήνα :
Ε.Θ. Γρηγορίου,
1940
|
| Subjects: | |
| Tags: |
Add Tag
No Tags, Be the first to tag this record!
|
MARC
| LEADER | 00000cam a2200000 i 4500 | ||
|---|---|---|---|
| 001 | 1/44820 | ||
| 008 | 961112s1940 gre d | ||
| 035 | |l 10026036 | ||
| 040 | |a GR-MY-UA |b gre |e aacr | ||
| 041 | 0 | |a gre | |
| 082 | 0 | |a 938.5092 | |
| 100 | 1 | |a Γρηγορίου, Ε. Θ. | |
| 245 | 1 | 2 | |a Ο πυρπολητής Κωνσταντίνος Κανάρης : |b βιογραφία / |c Ε. Θ. Γρηγορίου |
| 260 | |a Αθήνα : |b Ε.Θ. Γρηγορίου, |c 1940 | ||
| 300 | |a 158 σ. | ||
| 600 | 1 | 0 | |a Κανάρης, Κωνσταντίνος, |d 1793-1877. |
| 651 | 0 | |a Greece |x History |y 1821- | |
| 852 | |a INST |b CHIOS |e 19961112 |h 938.5092 ΓΡΗ |p 005200011521 |q 005200011521 |t BK |y 0 | ||